000
00293nam a2200097Ia 4500
008
241105s9999 xx 000 0 und d
041
_a
eng
100
_a
Nandgude Sayali
_9
182580
245
_a
Five Star Hotel At Hinjewadi : Living In Area Glorious Past
260
_b
Final Year B. Arch, BNCA
_c
2014
999
_c
360871
_d
360871